[Event "Asia-ch (Women)"]
[Site "Genting Highlands"]
[Date "1998.??.??"]
[Round "?"]
[White "Xu, Yuhua"]
[Black "Graf, Rena"]
[Result "1/2-1/2"]
[WhiteElo "2380"]
[BlackElo "2185"]
[PlyCount "97"]
[EventDate "1998.04.??"]
[EventType "swiss"]
[EventRounds "11"]
[EventCountry "MAS"]
[SourceTitle "EXT 1999"]
[Source "ChessBase"]
[SourceDate "1998.11.16"]
[SourceVersion "1"]
[SourceVersionDate "1998.11.16"]
[SourceQuality "1"]

1. e4 e6 2. d4 d5 3. Nc3 Bb4 4. e5 Ne7 5. a3 Bxc3+ 6. bxc3 b6 7. a4 Ba6 8. Bxa6 Nxa6 9. Qd3 Nb8 10. Ne2 Nbc6 11. 0-0 Qd7 12. Ng3 h5 13. Qf3 g6 14. Bg5 0-0-0 15. Ne2 Rdf8 16. c4 Nf5 17. Qd3 Na5 18. cxd5 Qxd5 19. Rfd1 Kb8 20. Rab1 Rc8 21. Nf4 Qc4 22. d5 exd5 23. Qxd5 Qxd5 24. Rxd5 Nc4 25. Bf6 Rhe8 26. Rd7 Nxe5 27. Bxe5 Rxe5 28. Rxf7 Rce8 29. g3 Nd6 30. Rg7 Re1+ 31. Rxe1 Rxe1+ 32. Kg2 a5 33. Nd5 b5 34. Rxc7 bxa4 35. Rc5 Nb7 36. Rc4 Rc1 37. Ne7 Ka7 38. Rxa4 Rxc2 39. Nxg6 Kb6 40. Ne5 Kb5 41. Ra1 Nc5 42. Rb1+ Ka6 43. Nc6 Nd3 44. Nxa5 Rxf2+ 45. Kg1 Kxa5 46. Rf1 Rxf1+ 47. Kxf1 Ne5 48. Ke2 Kb5 49. Ke3 1/2-1/2

[Event "Chania op 7th"]
[Site "Chania"]
[Date "1997.09.11"]
[Round "9"]
[White "Kagas, Konstantinos"]
[Black "Graf, Rena"]
[Result "0-1"]
[WhiteElo "2120"]
[BlackElo "2215"]
[PlyCount "118"]
[EventDate "1997.09.03"]
[EventType "swiss"]
[EventRounds "9"]
[EventCountry "GRE"]
[SourceTitle "EXT 1998"]
[Source "ChessBase"]
[SourceDate "1997.11.17"]
[SourceVersion "1"]
[SourceVersionDate "1997.11.17"]
[SourceQuality "1"]

1. d4 d5 2. Nc3 Nf6 3. Nf3 e6 4. Bg5 Bb4 5. Qd3 h6 6. Bh4 c5 7. dxc5 Nbd7 8. e3 Qa5 9. Bxf6 Nxf6 10. Qb5+ Qxb5 11. Bxb5+ Ke7 12. Nd2 a6 13. Bd3 Bxc5 14. 0-0 b5 15. e4 Bb7 16. exd5 Nxd5 17. Nxd5+ Bxd5 18. Nb3 Bd6 19. Rfe1 Rhc8 20. Rad1 Ra7 21. a3 Bb8 22. Nd2 Bf4 23. Nf1 Bg5 24. Bxb5 Bxg2 25. Bxa6 Rxa6 26. Kxg2 Rxc2 27. Rb1 Bf6 28. Ne3 Rxb2 29. Nd5+ Kf8 30. Nxf6 Rxb1 31. Rxb1 gxf6 32. Rb8+ Kg7 33. Rb3 f5 34. Rg3+ Kf6 35. Rh3 Kg5 36. Rg3+ Kf4 37. Rf3+ Ke4 38. Rb3 f4 39. Rb4+ Kf5 40. a4 e5 41. f3 f6 42. h4 Ra5 43. Kh3 Rc5 44. Rb3 Kg6 45. Kg4 f5+ 46. Kh3 e4 47. fxe4 fxe4 48. Kg4 f3 49. Rb2 Rc4 50. Rb6+ Kg7 51. a5 Ra4 52. a6 f2 53. Rb1 Rxa6 54. Kg3 Rf6 55. Kg2 f1Q+ 56. Rxf1 Rxf1 57. Kxf1 h5 58. Ke1 Kf6 59. Kf2 Ke5 0-1